| 000 | 01014nam a2200229Ia 4500 | ||
|---|---|---|---|
| 003 | OSt | ||
| 005 | 20210504115747.0 | ||
| 008 | 210310t1961 ag fr 000 0 spa d | ||
| 040 |
_aCO-JMCR _cCO-JMCR |
||
| 041 | 0 | _aspa | |
| 082 | 0 | 4 |
_a334.1 / _bK172c _223 |
| 100 | 1 |
_aKaplan de Drimer Alicia, _915409 _eautora |
|
| 245 | 1 | 0 |
_aCooperativas de vivienda : _bcaracteres, sistemas, proyecto de ley, estatutos / _cAlicia Kaplan de Drimer |
| 260 |
_aBuenos Aires : _bBibliográfica Omeba, _c©1961 |
||
| 300 |
_a220 páginas ; _c23 cm. |
||
| 490 | 0 | _aLibros científicos | |
| 500 | _aIncluye notas a pie de página. | ||
| 504 | _aBibliografía: páginas 219-220 | ||
| 505 | 0 | _aEl problema de la vivienda y su solución cooperativa -- Proyecto de "Ley de creación y fomento de las cooperativas de vivienda de interés social" -- Varios estudios sobre temas vinculados a las cooperativas de vivienda -- Estatutos modelo para cooperativas de vivienda | |
| 650 | 1 | 4 |
_aVivienda _915411 _xCooperativismo |
| 942 |
_2ddc _cBK |
||
| 999 |
_c7771 _d7771 |
||